[Event "Belt Road Women 2019"]
[Site "Shaoxing"]
[Date "2019.07.13"]
[Round "6.8"]
[White "Dzagnidze, Nana"]
[Black "Gu, Tianlu"]
[Result "1-0"]
[WhiteElo "2511"]
[BlackElo "2205"]
[Annotator "TA"]
[PlyCount "75"]
[EventDate "2019.07.08"]
[EventType "swiss"]
[EventCountry "CHN"]
[SourceTitle "playchess.com"]
[Source "ChessBase"]
[SourceQuality "1"]

{[%evp 16,75,30,7,17,7,33,27,40,0,0,0,17,-12,-16,-27,-1,-21,0,0,68,64,71,65,201,202,200,206,214,207,204,209,202,203,185,191,241,238,311,112,1060,1045,1854,605,556,565,530,540,518,516,763,749,761,751,755,738,823,797,773,758,2005,1970]} 1. c4 e6 2. g3 Nf6 3. Bg2 d5 4. b3 Be7 5. Bb2 O-O 6. Nf3 c5 7. cxd5 Nxd5 8. O-O Nc6 9. Nc3 Nxc3 {A14: English Opening: 1...e6 with b3 by White} (9... b6 10. Nxd5 exd5 11. d4 Be6 12. Qb1 a5 13. Rd1 Ra7 14. Bc3 a4 15. bxa4 Rxa4 16. Qb5 Rc4 17. Rac1 Bf6 18. Qxc6 cxd4 19. Bxd4 Rxc6 20. Rxc6 {1-0 (71) Aronian,L (2764)-Nakamura,H (2769) Leuven 2018}) 10. dxc3 Bf6 11. Nd2 $146 ({Predecessor:} 11. Qc2 Qc7 12. Nd2 b6 13. Rfe1 Ba6 14. a4 {½-½ (63) Huang,Q (2449)-Song,Y (2182) Tianjin 2018}) 11... Qc7 {White has an edge.} 12. f4 Rd8 13. Qc2 b6 14. g4 Be7 15. g5 e5 16. e3 Ba6 {Hoping for ...Bd3.} 17. c4 $36 {[%mdl 2048] White has good play.} exf4 (17... Nb4 $11 18. Qd1 Nd3) 18. Qc3 $1 $14 {[%csl Gb2][%cal Rc3g7]} (18. exf4 Bb7 $11) 18... Bf8 $1 19. Rxf4 (19. exf4 $6 Bb7 $11) 19... Nd4 ({Black should try} 19... Bb7 $14) 20. Rf2 $18 Ne6 21. Raf1 $1 ({Don't take} 21. Bxa8 Rxa8 22. Raf1 Nxg5) 21... Bb7 22. Rxf7 Rd7 23. Rxd7 $1 ({But not} 23. Bxb7 $6 Qxb7 24. Rxd7 Qxd7 $16) 23... Qxd7 24. Bxb7 Qxb7 25. Qe5 Re8 26. Ne4 Qe7 27. Qf5 $2 (27. Qg3 $18 {has better winning chances. Black must now prevent Nf6+!} Qd7 28. Nf6+ $1 {[%mdl 512]} gxf6 29. gxf6+ Bg7 30. f7+ (30. fxg7 Nxg7 31. Rf2 Rf8 $18) 30... Qxf7 31. Rxf7 Kxf7 32. Qf3+ Ke7 33. Qb7+ Kd6 34. Ba3 (34. Qxa7 Bxb2 35. Qxb6+ Ke5 $16)) 27... Nc7 $2 {[%mdl 8192]} (27... Nd8 $16) 28. g6 {White is clearly winning.} h6 {[#]} 29. Qf7+ (29. Be5 $142 $1 {[%mdl 512]} Rd8 (29... Qxe5 30. Qf7+) 30. Qf7+ Qxf7 31. gxf7+ Kh8 32. Bxc7) 29... Kh8 30. Qxe7 Bxe7 {[#]} 31. Rf7 $1 Ne6 32. Ng3 Kg8 33. Nf5 Bf8 34. Rxa7 Rd8 35. Be5 Rd1+ 36. Kg2 Rd2+ 37. Kg3 Ng5 {[#]} 38. Ra8 $1 {Accuracy: White = 50%, Black = 31%.} 1-0

[Event "Belt Road Women 2019"]
[Site "Shaoxing"]
[Date "2019.07.13"]
[Round "6.9"]
[White "Tokhirjonova, Gulrukhbegim"]
[Black "Li, Yunshan"]
[Result "1-0"]
[WhiteElo "2422"]
[BlackElo "2254"]
[Annotator "TA"]
[PlyCount "117"]
[EventDate "2019.07.08"]
[EventType "swiss"]
[EventCountry "CHN"]
[SourceTitle "playchess.com"]
[Source "ChessBase"]
[SourceQuality "1"]

{[%evp 13,117,-1,20,5,19,6,16,0,14,0,0,-29,-39,-55,-25,-35,-6,-30,20,17,31,31,37,37,35,24,47,33,38,31,30,43,64,40,56,15,38,17,29,37,31,25,26,8,12,0,12,8,4,0,46,40,55,32,47,33,43,25,52,0,0,0,0,0,0,0,19,29,25,12,20,16,24,33,32,34,49,49,41,25,54,62,107,85,185,193,188,188,631,641,771,711,29962,29965,29961,1038,29966,29967,29971,29974,29987,29984,29984,29985,29984,29978]} 1. e4 e5 2. Nf3 Nf6 3. Nc3 Bb4 4. Bc4 O-O 5. O-O d6 6. d3 Bxc3 7. bxc3 Be6 8. Bb3 {C42: Petroff Defence: 3 Nxe5 and unusual White 3rd moves} Nbd7 9. Be3 (9. h3 h6 10. Re1 Re8 11. Nh4 d5 12. Qf3 Nc5 13. Bxd5 Bxd5 14. exd5 Qxd5 15. Ba3 e4 16. dxe4 Ncxe4 {½-½ (86) Prasanna Raghuram,R (2475)-Aguero Jimenez,L (2415) Barbera del Valles 2016}) 9... Re8 10. Nd2 $146 {The position is equal.} ({Predecessor:} 10. h3 Nf8 11. Nh2 Ng6 12. f4 exf4 13. Bxf4 Nxf4 14. Rxf4 Bxb3 15. axb3 d5 {½-½ (47) Juntunen,J-Pihlajasalo,H Tampere 1997}) 10... d5 11. Qf3 {[%cal Re4d5]} c6 12. Rfe1 Qa5 13. exd5 Bxd5 (13... cxd5 {keeps more tension.} 14. c4 Bg4 15. Qg3 d4 16. Bg5 h6) 14. Bxd5 Nxd5 15. Ne4 Qc7 16. Bd2 N7f6 17. Ng3 Re6 18. c4 Ne7 19. a4 Re8 20. a5 Nc8 21. Rab1 b6 22. Qe3 c5 23. f3 Nd6 24. Bc3 Nd7 25. Qc1 f5 26. axb6 axb6 27. f4 e4 28. Qb2 g6 29. Ra1 Nf7 30. dxe4 {And now e5 would win.} Qxf4 {[%cal Rf5e4]} 31. Rad1 (31. exf5 {looks sharper.} Rxe1+ 32. Bxe1 Nfe5 33. Rd1 Ng4 34. Qc3) 31... Nf8 {[%cal Rf5e4]} (31... Nd6 {seems wilder.} 32. Rf1 Qe3+ 33. Kh1 fxe4 34. Qa1 Rf8) 32. exf5 Rxe1+ 33. Bxe1 Qxc4 34. fxg6 hxg6 35. Bf2 b5 36. Nf1 (36. Rd3 $14) 36... Re2 $11 37. Rd2 Rxd2 38. Nxd2 Qd5 39. Nf1 c4 40. Ne3 Qe5 41. c3 Ne6 42. Ng4 $36 {[%mdl 2048] White has good play.} Qf5 43. h3 Kg7 44. Qd2 Qb1+ 45. Kh2 Qd3 46. Qe1 Qd5 47. Qe3 Neg5 48. Qf4 Qd6 (48... Ne6 $16 {is a better defense.} 49. Qf6+ Kf8) 49. Bd4+ $18 Kf8 {[#]} 50. Ne5 $1 {Strongly threatening Bc5!} Ke8 $2 (50... Ke7 51. Kg1 Nxe5 52. Bxe5 Qc5+ 53. Bd4 Qf5 54. Qc7+ Ke6) 51. h4 Nxe5 52. Bxe5 Nf3+ 53. gxf3 Qd1 54. Qe3 (54. Qe4 $142 Qd3 55. Qc6+ {[%mdl 64] Double Attack} Ke7 56. Qf6+ Kd7 57. Qf7+ Kd8 58. Kg3 Qd1 59. Bf6+ Kc8 60. Qe8+ {[%mdl 64] Double Attack} Kb7 61. Bd4) 54... Kf7 55. Bd4 {White mates.} Qc2+ 56. Kg3 Qd1 57. Qf4+ Ke6 58. Qe5+ Kd7 59. Qxb5+ {Accuracy: White = 61%, Black = 30%.} 1-0

[Event "Belt Road Women 2019"]
[Site "Shaoxing"]
[Date "2019.07.13"]
[Round "6.10"]
[White "Munkhzul, Turmunkh"]
[Black "Ni, Shiqun"]
[Result "0-1"]
[WhiteElo "2386"]
[BlackElo "2407"]
[Annotator "TA"]
[PlyCount "148"]
[EventDate "2019.07.08"]
[EventType "swiss"]
[EventCountry "CHN"]
[SourceTitle "playchess.com"]
[Source "ChessBase"]
[SourceQuality "1"]

{[%evp 9,148,14,19,22,30,10,12,12,35,33,30,30,30,27,27,30,28,31,40,15,32,3,0,0,0,-13,-1,-42,-5,-13,-9,-8,-6,-23,-22,-47,-39,-82,-58,-102,-45,-111,-60,-63,-29,-100,-33,-20,0,-104,0,-22,0,-68,-28,-22,-26,-32,-26,-58,-61,-42,-37,-77,-56,-54,-49,-71,-79,-91,-81,-370,-369,-369,-354,-353,-351,-413,-109,-127,-119,-115,-103,-109,-118,-94,-112,-115,-62,-52,-55,-44,-64,-247,-247,-336,-288,-303,-303,-303,-303,-303,-303,-2544,-1833,-10429,-10357,-7762,-7219,-29967,-5775,-29973,-29974,-29974,-29975,-29975,-29975,-29975,-29976,-29976,-29975,-29976,-29977,-29979,-29980,-29980,-29981,-29984,-29985,-29985,-29983,-29983,-29984,-29984,-29982,-29982,-29982,-29988,-29989,-29989,-29989]} 1. e4 e5 2. Nf3 Nf6 3. Nxe5 d6 4. Nf3 Nxe4 5. Bd3 Nf6 6. O-O {C42: Petroff Defence: 3 Nxe5 and unusual White 3rd moves} Be7 7. c3 O-O 8. Bc2 {The position is equal.} b6 (8... c5 9. d4 Be6 10. Re1 Re8 11. Bg5 Nbd7 12. Nbd2 Qb6 13. dxc5 dxc5 {½-½ (54) Shankland,S (2725)-Mamedyarov,S (2817) Wijk aan Zee 2019}) 9. d4 Bb7 10. Re1 Nbd7 11. Qd3 Re8 12. Bg5 Nf8 13. Nbd2 {[#]} a6 $146 ({Predecessor:} 13... h6) 14. c4 d5 15. Ne5 N6d7 16. Bxe7 Rxe7 17. Ndf3 Nxe5 18. dxe5 Rd7 19. cxd5 Bxd5 20. Qe3 Ne6 21. Rad1 c5 22. Bf5 Raa7 23. Bb1 Bc6 24. Rc1 a5 (24... Bxf3 $17 25. Qxf3 Rd2) 25. h3 (25. Bf5 $15) 25... Bd5 (25... Bxf3 $17 26. Qxf3 Rd2) 26. a3 a4 27. Qd3 (27. Bf5 $11) 27... Nf8 (27... g6 $17 28. Bc2 Qa8) 28. Qe3 $15 Ne6 (28... h6 $11) 29. Qd3 $17 Nf8 ({Black should try} 29... g6 $17 30. Bc2 b5 $1 {[%mdl 512]}) 30. Qe3 $1 $11 Ne6 31. Nh2 (31. Qd3 $11 g6 32. Bc2) 31... Qg5 (31... Ba8 {with more complications.} 32. Nf1 Rd4 33. Ng3 Rd2 34. Bc2 g6) 32. Qxg5 Nxg5 33. Nf1 Ne6 34. Ne3 Bb3 35. Bc2 b5 36. Rcd1 Nd4 $36 {[%mdl 2048] White is under pressure.} 37. Bxb3 axb3 38. Kf1 Kf8 39. f4 g6 40. Ng4 $2 {[%mdl 8192]} (40. Kf2 $17) 40... Nc2 $1 $19 41. Rxd7 Rxd7 {[%mdl 4096] Endgame KRN-KRN} 42. Nf6 Rd2 43. Ne4 {[#]} Rxg2 $1 {[%mdl 512]} 44. Re2 $17 (44. Kxg2 Nxe1+) 44... Rxe2 45. Kxe2 {KN-KN} Nd4+ 46. Ke3 {[#]} Ne6 $1 47. Nc3 {[#]} Nc7 $1 48. Ke4 Ke7 ({Better is} 48... h5 $17) 49. a4 $15 bxa4 50. Nxa4 c4 51. Nc3 $2 ({White has to play} 51. f5 $1 $15) 51... Ke6 $19 52. Kd4 Kf5 53. Ne2 Ne6+ 54. Ke3 {[%cal Re2g3] [#]} Nxf4 $1 {[%mdl 512]} 55. Nxf4 {KN-KP} c3 $1 {[%cal Rc3b2]} ({Not} 55... Kxe5 56. Ne2 $15) 56. e6 $2 (56. Nd3 cxb2 57. Nxb2) 56... fxe6 57. Nd3 cxb2 58. Nxb2 Kg5 59. Kf2 Kh4 60. Kg2 e5 {Black mates.} 61. Kh2 e4 62. Kg2 e3 63. Nd3 e2 64. Kf2 Kxh3 65. Kxe2 {KN-K3P} Kg3 66. Kf1 h5 67. Kg1 g5 68. Nb2 h4 69. Nd1 Kf3 70. Nb2 g4 71. Nc4 Ke2 72. Kg2 Kd3 73. Ne5+ Kd4 74. Nc6+ Kc3 {Accuracy: White = 36%, Black = 62%.} 0-1

[Event "Belt Road Women 2019"]
[Site "Shaoxing"]
[Date "2019.07.13"]
[Round "6.11"]
[White "Bai, Xue"]
[Black "Soumya, Swaminathan"]
[Result "0-1"]
[WhiteElo "2029"]
[BlackElo "2402"]
[Annotator "TA"]
[PlyCount "30"]
[EventDate "2019.07.08"]
[EventType "swiss"]
[EventCountry "CHN"]
[SourceTitle "playchess.com"]
[Source "ChessBase"]
[SourceQuality "1"]

{[%evp 15,88,6,13,0,0,0,0,0,-8,-17,-6,-34,-35,-65,-59,-69,-56,-67,-18,-84,-84,-85,-77,-107,-106,-107,-107,-107,-107,-107,-107,-107,-102,-109,-100,-100,-100,-114,-104,-174,-173,-173,-173,-173,-174,-179,-113,-222,-222,-253,-223,-328,-341,-389,-385,-483,-386,-420,-391,-539,-357,-387,-383,-366,-361,-453,-440,-470,-434,-571,-569,-855,-833,-1003,-995]} 1. e4 c5 2. Nf3 d6 3. d4 cxd4 4. Nxd4 Nf6 5. Nc3 Nc6 6. g3 g6 7. Bg2 Bd7 8. O-O Bg7 9. Nd5 {B70: Sicilian Dragon: 6 g3 and 6 Be2 (without a later Be3)} (9. Nde2 O-O 10. h3 a6 11. Be3 Rc8 12. Nd5 Nxd5 13. exd5 Na5 14. Bd4 Bxd4 15. Nxd4 Qb6 16. b3 Qc5 17. Re1 Rfe8 18. Qd2 Qc3 19. Rad1 Qxd2 20. Rxd2 {0-1 (40) Van Foreest,J (2614)-Guseinov,G (2664) Skopje 2018}) 9... Nxd5 10. Nxc6 bxc6 11. exd5 {The position is equal.} cxd5 12. Bxd5 $146 ({Predecessor:} 12. Qxd5 Rb8 13. Rb1 O-O 14. b3 Bf5 15. Bb2 Bxc2 16. Bxg7 Kxg7 {½-½ (49) Saptorshi,G (2122)-Kevlishvili,R (2502) Montcada 2018}) 12... Rb8 13. c4 O-O 14. Qe2 e6 $36 {[%mdl 2048] Black has the initiative.} 15. Bg2 Re8 {Played: Qd8-a5} 0-1

[Event "Belt Road Women 2019"]
[Site "Shaoxing"]
[Date "2019.07.13"]
[Round "6.12"]
[White "Du, Yuxin"]
[Black "Song, Yuxin"]
[Result "1-0"]
[WhiteElo "2015"]
[BlackElo "2277"]
[Annotator "ChessBase"]
[PlyCount "137"]
[EventDate "2019.07.08"]
[EventType "swiss"]
[EventCountry "CHN"]
[SourceTitle "playchess.com"]
[Source "ChessBase"]
[SourceQuality "1"]
[TimeControl "5400+30"]

1. e4 {[%emt 0:00:00]} c5 {[%emt 0:00:00]} 2. Nf3 {[%emt 0:00:00]} d6 {[%emt 0:00:00]} 3. d4 {[%emt 0:00:00]} cxd4 {[%emt 0:00:00]} 4. Nxd4 {[%emt 0:01:25]} Nf6 {[%emt 0:00:10]} 5. Nc3 {[%emt 0:00:09]} a6 {[%emt 0:00:08]} 6. Bg5 {[%emt 0:00:54]} e6 {[%emt 0:00:12]} 7. f4 {[%emt 0:03:58]} h6 {[%emt 0:00:06]} 8. Bh4 {[%emt 0:04:37]} Qb6 {[%emt 0:00:08]} 9. a3 {[%emt 0:15:47]} Be7 {[%emt 0:00:10]} 10. Bf2 {[%emt 0:01:24]} Qc7 {[%emt 0:00:09]} 11. Bd3 {[%emt 0:04:59]} Nbd7 {[%emt 0:04:48]} 12. Qe2 {[%emt 0:04:34]} Nc5 {[%emt 0:04:13]} 13. O-O-O {[%emt 0:09:14]} b5 {[%emt 0:09:54]} 14. f5 {[%emt 0:08:16]} e5 {[%emt 0:03:57]} 15. Nf3 {[%emt 0:04:29]} Bb7 {[%emt 0:01:01]} 16. Kb1 {[%emt 0:08:37]} O-O-O {[%emt 0:02:19]} 17. Rhe1 {[%emt 0:08:22]} Rhe8 {[%emt 0:20:21]} 18. Bg3 {[%emt 0:12:06]} Bc6 {[%emt 0:04:26]} 19. b4 {[%emt 0:05:44]} Nxd3 {[%emt 0:06:58]} 20. Rxd3 {[%emt 0:01:19]} g6 {[%emt 0:06:37]} 21. fxg6 {[%emt 0:00:34]} fxg6 {[%emt 0:00:01]} 22. Nd2 {[%emt 0:02:11]} Kb8 {[%emt 0:04:18]} 23. Nb3 {[%emt 0:00:38]} Nh5 {[%emt 0:09:22]} 24. Nd5 {[%emt 0:00:47]} Nxg3 {[%emt 0:05:41]} 25. hxg3 {[%emt 0:00:20]} Qa7 {[%emt 0:01:00]} 26. Na5 {[%emt 0:00:57]} Rc8 {[%emt 0:01:01]} 27. Red1 {[%emt 0:00:39]} Bg5 {[%emt 0:01:09]} 28. Rf3 {[%emt 0:01:24]} Bxd5 {[%emt 0:07:01]} 29. exd5 {[%emt 0:00:06]} e4 {[%emt 0:00:14]} 30. Nc6+ {[%emt 0:00:48]} Rxc6 {[%emt 0:01:42]} 31. dxc6 {[%emt 0:00:05]} Qe7 {[%emt 0:00:01]} 32. Rc3 {[%emt 0:00:58]} Kc7 {[%emt 0:00:58]} 33. Qg4 {[%emt 0:00:34]} Rd8 {[%emt 0:01:13]} 34. Rf1 {[%emt 0:00:30]} d5 {[%emt 0:03:24]} 35. Qe2 {[%emt 0:00:19]} Bf6 {[%emt 0:01:34]} 36. Rb3 {[%emt 0:00:37]} d4 {[%emt 0:00:54]} 37. Rxf6 {[%emt 0:00:35]} Qxf6 {[%emt 0:00:06]} 38. Qxe4 {[%emt 0:00:04]} Qxc6 {[%emt 0:00:15]} 39. Qf4+ {[%emt 0:00:36]} Rd6 {[%emt 0:01:41]} 40. Qxh6 {[%emt 0:00:34]} Qxg2 {[%emt 0:00:01]} 41. Qg7+ {[%emt 0:00:27]} Kc8 {[%emt 0:00:25]} 42. Qf8+ {[%emt 0:00:48]} Kd7 {[%emt 0:01:00]} 43. Rf3 {[%emt 0:00:28]} Qh1+ {[%emt 0:02:03]} 44. Kb2 {[%emt 0:00:13]} Kc7 {[%emt 0:00:37]} 45. Rf7+ {[%emt 0:00:24]} Rd7 {[%emt 0:00:01]} 46. Rxd7+ {[%emt 0:00:48]} Kxd7 {[%emt 0:00:01]} 47. Qg7+ {[%emt 0:00:18]} Kc8 {[%emt 0:01:25]} 48. Qxd4 {[%emt 0:00:20]} Qh7 {[%emt 0:00:41]} 49. Qc5+ {[%emt 0:00:40]} Kb7 {[%emt 0:00:03]} 50. Qd5+ {[%emt 0:00:21]} Kb6 {[%emt 0:00:06]} 51. Kb3 {[%emt 0:00:22]} Qg7 {[%emt 0:01:10]} 52. c4 {[%emt 0:00:35]} bxc4+ {[%emt 0:00:26]} 53. Kxc4 {[%emt 0:00:12]} Qf6 {[%emt 0:00:11]} 54. Qd4+ {[%emt 0:00:34]} Qxd4+ {[%emt 0:00:08]} 55. Kxd4 {[%emt 0:00:04]} Kb5 {[%emt 0:00:02]} 56. Kc3 {[%emt 0:00:11]} Ka4 {[%emt 0:00:47]} 57. Kb2 {[%emt 0:00:05]} a5 {[%emt 0:00:59]} 58. bxa5 {[%emt 0:00:05]} Kxa5 {[%emt 0:00:01]} 59. Kc3 {[%emt 0:00:18]} Ka4 {[%emt 0:00:18]} 60. Kd4 {[%emt 0:00:05]} Kxa3 {[%emt 0:00:02]} 61. Ke5 {[%emt 0:00:06]} Kb4 {[%emt 0:00:08]} 62. Kf6 {[%emt 0:00:04]} Kc5 {[%emt 0:00:05]} 63. Kxg6 {[%emt 0:00:05]} Kd6 {[%emt 0:00:05]} 64. g4 {[%emt 0:00:22]} Ke7 {[%emt 0:00:07]} 65. Kg7 {[%emt 0:00:04]} Ke6 {[%emt 0:00:04]} 66. g5 {[%emt 0:00:05]} Ke7 {[%emt 0:00:04]} 67. g6 {[%emt 0:00:04]} Ke6 {[%emt 0:00:04]} 68. Kf8 {[%emt 0:00:04]} Kf6 {[%emt 0:00:02]} 69. g7 {[%emt 0:00:05]} 1-0

[Event "Belt Road Women 2019"]
[Site "Shaoxing"]
[Date "2019.07.13"]
[Round "6.13"]
[White "Xu, Yuze"]
[Black "Hu, Yu A."]
[Result "1/2-1/2"]
[WhiteElo "2083"]
[BlackElo "2095"]
[Annotator "NA"]
[PlyCount "40"]
[EventDate "2019.07.08"]
[EventType "swiss"]
[EventCountry "CHN"]
[SourceTitle "playchess.com"]
[Source "ChessBase"]
[SourceQuality "1"]
[TimeControl "5400+30"]

1. e4 {[%emt 0:00:00]} c5 {[%emt 0:00:00]} 2. c3 {[%emt 0:00:00]} Nf6 {[%emt 0:00:34]} 3. e5 {[%emt 0:00:04]} Nd5 {[%emt 0:00:10]} 4. d4 {[%emt 0:00:02]} cxd4 {[%emt 0:00:18]} 5. Nf3 {[%emt 0:00:07]} Nc6 {[%emt 0:00:14]} 6. cxd4 {[%emt 0:00:05]} d6 {[%emt 0:00:15]} 7. Bc4 {[%emt 0:00:24]} Nb6 {[%emt 0:00:39]} 8. Bb5 {[%emt 0:00:10]} Bd7 {[%emt 0:00:13]} 9. Nc3 {[%emt 0:00:38]} d5 {[%emt 0:01:09] B22: Sicilian: 2 c3} (9... a6 10. Be2 Bf5 11. Nh4 Bd7 12. e6 Bxe6 13. d5 Nxd5 14. Nxd5 g5 15. Nf3 h6 16. O-O Bg7 17. Be3 {1-0 (52) Christiansen,J (2486)-Adly,A (2643) Reykjavik 2018}) 10. O-O {[%emt 0:02:51]} e6 {[%emt 0:00:07]} 11. a3 {[%emt 0:05:44]} Be7 {[%emt 0:00:17]} 12. Qe2 {[%emt 0:00:42]} O-O {[%emt 0:00:21]} 13. Be3 $146 {[%emt 0:01:24]} ({Predecessor:} 13. Bd3 f5 14. exf6 Bxf6 15. Bc2 Qe8 16. Qd3 {1-0 (38) Rohl Montes,J (2407)-Blanco Ronquillo,H (2440) Caracas 2014}) 13... Rc8 {[%emt 0:00:34]} 14. Nd2 {[%emt 0:04:38]} Na5 {[%emt 0:02:24]} 15. Bd3 {[%emt 0:03:11]} Nac4 {[%emt 0:00:15]} 16. Nxc4 {[%emt 0:01:27]} Nxc4 {[%emt 0:02:03]} 17. f4 {[%emt 0:05:46]} Nxe3 {[%emt 0:00:42]} 18. Qxe3 {[%emt 0:00:07]} f5 {[%emt 0:00:20]} 19. Rfc1 {[%emt 0:01:27]} Qb6 {[%emt 0:00:22]} 20. b4 {[%emt 0:04:28]} Rc7 $11 {[%emt 0:02:12]} 1/2-1/2

[Event "Belt Road Women 2019"]
[Site "Shaoxing"]
[Date "2019.07.13"]
[Round "6.14"]
[White "Pujari, Rucha"]
[Black "Batsiashvili, Nino"]
[Result "0-1"]
[WhiteElo "2268"]
[BlackElo "2433"]
[Annotator "TA"]
[PlyCount "118"]
[EventDate "2019.07.08"]
[EventType "swiss"]
[EventCountry "CHN"]
[SourceTitle "playchess.com"]
[Source "ChessBase"]
[SourceQuality "1"]

{[%evp 11,118,6,12,0,10,4,4,-7,-1,-8,12,0,4,0,0,-14,0,0,10,0,0,-11,0,-45,-45,-39,-39,-39,-47,-64,-62,-60,-66,-103,-109,-104,-85,-77,-62,-67,-17,-24,-20,-19,-17,-70,-59,-93,-95,-111,-110,-97,-111,-110,-113,-123,-106,-116,-76,-159,-154,-201,-199,-229,-225,-244,-243,-243,-236,-587,-493,-1044,-1041,-1038,-1031,-993,-985,-902,-879,-972,-940,-1000,-885,-5189,-4366,-2665,-2646,-6111,-3269,-29973,-29974,-29974,-29974,-29980,-29981,-29981,-29982,-29982,-29983,-29986,-29987,-29987,-29988,-29989,-29990,-29990,-29991,-29991,-29992]} 1. d4 Nf6 2. g3 c5 3. d5 b5 4. Bg2 d6 5. Nf3 g6 6. O-O Bg7 7. a4 {A43: Schmid Benoni} b4 8. c4 bxc3 9. Nxc3 {The position is equal.} O-O 10. e4 Nbd7 11. h3 Rb8 12. Re1 Ne8 13. Qc2 Qb6 14. Rb1 $146 ({Predecessor:} 14. Ra2 Nc7 {0-1 (23) Cioara,A (2415)-Fressinet,L (2658) Eforie Nord 2009}) 14... Nc7 15. Bg5 Re8 16. Nd2 Ba6 17. Be3 Ne5 {[#] And now ...Bd3 would win.} 18. Bf1 $1 Bxf1 19. Rxf1 Qa6 20. Na2 Qd3 21. Qxd3 Nxd3 22. b3 f5 23. f3 fxe4 24. fxe4 Na6 25. Nc4 Ne5 26. Bd2 Rf8 27. Rxf8+ Kxf8 28. Nxe5 (28. Rf1+ $11 Ke8 29. Na5) 28... Bxe5 $15 29. g4 Ke8 30. Bc3 Bxc3 31. Nxc3 $17 {[%mdl 4096] Endgame KRN-KRN} Rb4 32. Kf2 c4 33. bxc4 Rxc4 34. Nb5 Rxa4 35. Nxa7 (35. e5 $142) 35... Nc5 36. Rb8+ {[#]} Kf7 $1 37. Nc6 Nxe4+ ({Less strong is} 37... Rxe4 38. Rh8 $17) 38. Kf3 {and the idea Rb7 leaves White hopeful.} Nc3 39. Nb4 Ra3 40. Kf2 $2 (40. Nc2 {nothing else works.} Ra5 41. Ne3) 40... Rb3 $19 41. Nc6 (41. Rb7 $142 Nxd5 42. Nc6 Rxh3 43. g5) 41... Rxb8 42. Nxb8 Nxd5 {KN-KN} 43. Kf3 e5 44. Nc6 Ke6 45. h4 Kd7 46. Na5 h5 47. gxh5 gxh5 48. Nc4 Ke6 49. Nd2 Nf6 50. Nf1 d5 {Black mates.} 51. Ng3 d4 52. Nf1 Kd5 53. Ng3 Kc4 54. Ke2 e4 55. Kd2 e3+ 56. Ke2 Nd5 57. Nxh5 d3+ 58. Kf3 d2 59. Ke2 Nc3+ {Accuracy: White = 29%, Black = 81%.} 0-1

[Event "Belt Road Women 2019"]
[Site "Shaoxing"]
[Date "2019.07.13"]
[Round "6.15"]
[White "Zhou, Yafei"]
[Black "Fominykh, Maria"]
[Result "1/2-1/2"]
[WhiteElo "1720"]
[BlackElo "2243"]
[Annotator "ChessBase"]
[PlyCount "52"]
[EventDate "2019.07.08"]
[EventType "swiss"]
[EventCountry "CHN"]
[SourceTitle "playchess.com"]
[Source "ChessBase"]
[SourceQuality "1"]
[TimeControl "5400+30"]

1. d4 {[%emt 0:00:00]} d6 {[%emt 0:00:00]} 2. Nf3 {[%emt 0:01:02]} Nf6 {[%emt 0:00:00]} 3. c4 {[%emt 0:00:12]} g6 {[%emt 0:00:00]} 4. Nc3 {[%emt 0:00:13]} Bg7 {[%emt 0:00:00]} 5. e4 {[%emt 0:00:14]} O-O {[%emt 0:00:00]} 6. Be2 {[%emt 0:00:08]} e5 {[%emt 0:00:59]} 7. dxe5 {[%emt 0:00:07]} dxe5 {[%emt 0:00:15]} 8. Qxd8 {[%emt 0:00:06]} Rxd8 {[%emt 0:00:03]} 9. Bg5 {[%emt 0:00:07]} Re8 {[%emt 0:00:51]} 10. Nd5 {[%emt 0:02:51]} Nxd5 {[%emt 0:00:04]} 11. cxd5 {[%emt 0:00:06]} c6 {[%emt 0:00:16]} 12. Bc4 {[%emt 0:00:49]} cxd5 {[%emt 0:11:59]} 13. Bxd5 {[%emt 0:00:08]} Nc6 {[%emt 0:01:38]} 14. O-O {[%emt 0:08:29]} Be6 {[%emt 0:30:43]} 15. Bxe6 {[%emt 0:16:02]} Rxe6 {[%emt 0:00:13]} 16. Rfd1 {[%emt 0:02:36]} Nd4 {[%emt 0:06:05]} 17. Be3 {[%emt 0:09:40]} Rd8 {[%emt 0:04:55]} 18. Kf1 {[%emt 0:06:03]} f5 {[%emt 0:10:57]} 19. exf5 {[%emt 0:02:42]} gxf5 {[%emt 0:00:03]} 20. Bxd4 {[%emt 0:04:15]} exd4 {[%emt 0:00:34]} 21. Rd3 {[%emt 0:00:22]} Rc6 {[%emt 0:14:48]} 22. Rad1 {[%emt 0:09:52]} Rc2 {[%emt 0:00:56]} 23. Nxd4 {[%emt 0:03:57]} Bxd4 {[%emt 0:01:02]} 24. Rxd4 {[%emt 0:00:07]} Rxd4 {[%emt 0:00:11]} 25. Rxd4 {[%emt 0:00:15]} Rxb2 {[%emt 0:00:02]} 26. Rd7 {[%emt 0:10:36]} a5 {[%emt 0:02:54]} 1/2-1/2